Southville International School and Colleges
Your cart is empty.
  • Cart
  • Lists
    Public lists Eva Luna New books Lux_list list_1
    Your lists Log in to create your own lists
  • Log in to your account
  • Your cookies
  • Search history
Southville International School and Colleges
  • Advanced search
  • Recent comments
  • Most popular
  • Libraries

Log in to your account

Log in with GOOGLE


If you do not have an external account, but do have a local account, you can still log in:

  1. Home
  2. MARC view: Garlic in the kitchen :
Normal view MARC view ISBD view

Garlic in the kitchen : (Record no. 300746)

[ view plain ]
MARC details
000 -LEADER
fixed length control field 00670nam a2200241Ia 4500
008 - FIXED-LENGTH DATA ELEMENTS--GENERAL INFORMATION
fixed length control field 160819s9999 xx 000 0 und d
020 ## - INTERNATIONAL STANDARD BOOK NUMBER
International Standard Book Number 978-1-84476-317-7
050 ## - LIBRARY OF CONGRESS CALL NUMBER
Classification number CUL TX 819
050 ## - LIBRARY OF CONGRESS CALL NUMBER
Item number .G3J65 2006
100 ## - MAIN ENTRY--PERSONAL NAME
Personal name Jollands, Beverley
245 ## - TITLE STATEMENT
Title Garlic in the kitchen :
245 ## - TITLE STATEMENT
Remainder of title explore the unique taste of a classic ingredient in 35 tempting recipes /
245 ## - TITLE STATEMENT
Statement of responsibility, etc Beverley Jollands.
260 ## - PUBLICATION, DISTRIBUTION, ETC. (IMPRINT)
Place of publication, distribution, etc United Kingdom :
260 ## - PUBLICATION, DISTRIBUTION, ETC. (IMPRINT)
Name of publisher, distributor, etc Anness Publishing Ltd,
260 ## - PUBLICATION, DISTRIBUTION, ETC. (IMPRINT)
Date of publication, distribution, etc 2006
300 ## - PHYSICAL DESCRIPTION
Extent 64 pages :
300 ## - PHYSICAL DESCRIPTION
Other physical details color illustrations ;
300 ## - PHYSICAL DESCRIPTION
Dimensions 20 cm.
500 ## - GENERAL NOTE
General note Includes index.
650 ## - SUBJECT ADDED ENTRY--TOPICAL TERM
Topical term or geographic name as entry element Garlic.
650 ## - SUBJECT ADDED ENTRY--TOPICAL TERM
General subdivision Cooking (Garlic).
Holdings
Withdrawn status Lost status Source of classification or shelving scheme Damaged status Home library Current library Shelving location Date acquired Source of acquisition Cost, normal purchase price Total Checkouts Full call number Barcode Date last seen Price effective from Koha item type
    Library of Congress Classification   South Mansfield College South Mansfield College   01/09/2008 Library Fund 539.00   CUL TX 819.G3 .J65 2006 SMC03867 08/19/2016 08/19/2016 Books

Garlic in the kitchen :

APA

Jollands B., .Garlic in the kitchen. United Kingdom: .

Chicago

Jollands Beverley, .Garlic in the kitchen. United Kingdom: .

Harvard

Jollands B., .Garlic in the kitchen. United Kingdom: .

MLA

Jollands Beverley, .United Kingdom: . .

  • Place hold
  • Print
  • Cite
  • Add to your cart (remove)
  • Save record
    BIBTEX Dublin Core MARCXML MARC (non-Unicode/MARC-8) MARC (Unicode/UTF-8) MARC (Unicode/UTF-8, Standard) MODS (XML) RIS
  • More searches
    Search for this title in:
    Other Libraries (WorldCat) Other Databases (Google Scholar) Online Stores (Bookfinder.com) Open Library (openlibrary.org)

Exporting to Dublin Core...

SOUTHVILLE LIBRARY

Southville International School and Colleges Library

1281 Tropical Ave. Cor. Luxembourg St., BF Homes International, Las Pinas City

Tel. No. 8256374 / 252358 Loc. 117/146

Powered by Koha